| 000 | 00496nam a2200181 i 4500 | ||
|---|---|---|---|
| 001 | 34506 | ||
| 003 | ES-MaACL | ||
| 005 | 20230906154938.0 | ||
| 007 | t| | ||
| 008 | 030207s1973 sp ||||1| spa d | ||
| 080 | _a159.954.433 | ||
| 100 | 1 |
_aBlay Fontcuberta, Antonio. _929431 |
|
| 245 | 1 | 0 |
_aCreatividad y plenitud de vida / _cAntonio Blay Fontcuberta. |
| 260 |
_aBarcelona : _bIberia, _c[1973] |
||
| 300 |
_a302 p. ; _c19 cm. |
||
| 650 | 0 | 4 |
_aCreatividad. _911407 |
| 852 |
_aES-MaACL _jE-5024 |
||
| 999 |
_c34506 _d34506 |
||